| 000 | 00976nam a2200205Ia 4500 | ||
|---|---|---|---|
| 999 |
_c39583 _d39583 |
||
| 001 | 6182 | ||
| 003 | GE_BSU | ||
| 005 | 20190701143906.0 | ||
| 008 | 181216s1986|||| |||||||||||||| ||geo|| | ||
| 041 | _ageo | ||
| 080 | _a621.91(075.8) გ-59 | ||
| 100 |
_aგოგიტიშვილი, რ. _93127 |
||
| 245 |
_aლითონსაჭრელი ჩარხების დაპროექტება და გამოცდა : სახელმძღვ. / _cრ. გოგიტიშვილი ; რედ : გ.ჩიხლაძე. |
||
| 264 |
_aთბილისი : _bგანათლება, _c1986. |
||
| 300 |
_a315 გვ .: _c22 სმ. |
||
| 504 | _aბიბლიოგრ.:გვ.310-312 | ||
| 653 | _aლითონსაჭრელი ჩარხების დაპროექტება და გამოცდა | ||
| 700 |
_aჩიხლაძე, გ _eრედაქტორი _91385 |
||
| 942 |
_cBK _2udc |
||